[Event "WCO 2016"]
[Site "?"]
[Date "2016.09.11"]
[Round "9"]
[Board "18"]
[WhiteID "1708830"]
[White "Agrest Inna"]
[BlackID "4000730"]
[Black "Bakalarz Grazyna"]
[Result "1/2-1/2"]
[BlackElo "1953"]
[WhiteElo "2222"]
[LiveChessVersion "1.4.8"]

1. e4 {[%clk 1:30:57]} e5 {[%clk 1:30:54]} 2. Nf3 {[%clk 1:31:21]} Nf6
{[%clk 1:31:19]} 3. Nxe5 {[%clk 1:31:37]} d6 {[%clk 1:31:41]} 4. Nf3
{[%clk 1:31:58]} Nxe4 {[%clk 1:32:03]} 5. Nc3 {[%clk 1:32:22]} Nxc3
{[%clk 1:32:17]} 6. dxc3 {[%clk 1:32:47]} Be7 {[%clk 1:32:25]} 7. Be3
{[%clk 1:33:08]} O-O {[%clk 1:32:20]} 8. Qd2 {[%clk 1:33:32]} Qe8
{[%clk 1:29:04]} 9. O-O-O {[%clk 1:33:06]} Qa4 {[%clk 1:29:16]} 10. Kb1
{[%clk 1:32:47]} Nc6 {[%clk 1:23:22]} 11. h4 {[%clk 1:27:58]} Be6
{[%clk 1:23:17]} 12. b3 {[%clk 1:28:16]} Qa5 {[%clk 1:23:11]} 13. Bg5
{[%clk 1:25:45]} Rfe8 {[%clk 1:21:34]} 14. Bd3 {[%clk 1:21:35]} Rad8
{[%clk 0:46:55]} 15. Rde1 {[%clk 1:09:10]} h6 {[%clk 0:41:58]} 16. Bxe7
{[%clk 0:54:05]} Nxe7 {[%clk 0:41:11]} 17. Nd4 {[%clk 0:48:32]} Nd5
{[%clk 0:36:39]} 18. Kb2 {[%clk 0:48:34]} Nf6 {[%clk 0:31:30]} 19. f3
{[%clk 0:45:33]} Bd7 {[%clk 0:29:25]} 20. g4 {[%clk 0:39:20]} Rxe1
{[%clk 0:28:23]} 21. Rxe1 {[%clk 0:38:36]} Re8 {[%clk 0:27:53]} 22. Rxe8+
{[%clk 0:33:44]} Nxe8 {[%clk 0:24:41]} 23. g5 {[%clk 0:33:22]} hxg5
{[%clk 0:21:27]} 24. hxg5 {[%clk 0:33:47]} g6 {[%clk 0:19:01]} 25. f4
{[%clk 0:31:28]} Ng7 {[%clk 0:16:24]} 26. Ne2 {[%clk 0:29:16]} Bf5
{[%clk 0:10:24]} 27. Ng3 {[%clk 0:28:27]} Qd5 {[%clk 0:08:25]} 28. Qe2
{[%clk 0:25:11]} Qe6 {[%clk 0:06:42]} 29. Qf2 {[%clk 0:20:12]} c5
{[%clk 0:06:59]} 30. a4 {[%clk 0:17:50]} b6 {[%clk 0:06:57]} 31. Be2
{[%clk 0:14:11]} d5 {[%clk 0:05:03]} 32. Bf3 {[%clk 0:14:07]} Bg4
{[%clk 0:04:21]} 33. Bg2 {[%clk 0:11:10]} Nf5 {[%clk 0:04:29]} 34. Nf1
{[%clk 0:10:47]} d4 {[%clk 0:03:41]} 35. cxd4 {[%clk 0:09:54]} cxd4
{[%clk 0:03:04]} 36. Bf3 {[%clk 0:05:35]} Bxf3 {[%clk 0:03:07]} 37. Qxf3
{[%clk 0:06:04]} Qe1 {[%clk 0:03:24]} 38. Qd3 {[%clk 0:04:42]} Qf2
{[%clk 0:03:25]} 39. Nd2 {[%clk 0:04:17]} Qxf4 {[%clk 0:03:00]} 40. Ne4
{[%clk 0:34:04]} Nd6 {[%clk 0:32:30]} 41. Nxd6 {[%clk 0:28:15]} Qxd6
{[%clk 0:32:53]} 42. Qe4 {[%clk 0:28:29]} Kg7 {[%clk 0:29:38]} 43. Kb1
{[%clk 0:27:58]} a5 {[%clk 0:29:41]} 44. Qf3 {[%clk 0:19:28]} Qe5
{[%clk 0:28:30]} 45. Qg2 {[%clk 0:19:45]} Qe1+ {[%clk 0:22:35]} 46. Kb2
{[%clk 0:19:57]} Qc3+ {[%clk 0:22:35]} 47. Ka2 {[%clk 0:20:15]} Qc5
{[%clk 0:20:39]} 48. Kb1 {[%clk 0:19:20]} Qf5 {[%clk 0:16:39]} 49. Kb2
{[%clk 0:18:52]} Qe5 {[%clk 0:15:46]} 50. Kb1 {[%clk 0:18:36]} b5
{[%clk 0:15:00]} 51. axb5 {[%clk 0:17:54]} Qxb5 {[%clk 0:15:22]} 52. Ka2
{[%clk 0:13:50]} f6 {[%clk 0:14:19]} 53. gxf6+ {[%clk 0:13:11]} Kxf6
{[%clk 0:14:47]} 54. Qf2+ {[%clk 0:13:33]} Ke5 {[%clk 0:12:44]} 55. Qg3+
{[%clk 0:13:56]} Kf5 {[%clk 0:11:16]} 56. Qf2+ {[%clk 0:13:54]} Ke5
{[%clk 0:11:42]} 57. Qg3+ {[%clk 0:14:21]} Kf5 {[%clk 0:11:34]} 58. Qf2+
{[%clk 0:14:44]} 1/2-1/2

[Event "WCO 2016"]
[Site "?"]
[Date "2016.09.11"]
[Round "9"]
[Board "19"]
[WhiteID "4002970"]
[White "Kremer Nadine"]
[BlackID "1711083"]
[Black "Bengtsson Jessica"]
[Result "0-1"]
[BlackElo "2005"]
[WhiteElo "1844"]
[LiveChessVersion "1.4.8"]

1. e4 {[%clk 1:30:57]} e5 {[%clk 1:30:48]} 2. Nf3 {[%clk 1:31:16]} Nc6
{[%clk 1:31:09]} 3. Bc4 {[%clk 1:31:37]} Bc5 {[%clk 1:31:28]} 4. d3
{[%clk 1:31:37]} Nf6 {[%clk 1:31:36]} 5. Nc3 {[%clk 1:31:43]} d6 {[%clk 1:31:34]}
6. Bg5 {[%clk 1:30:45]} h6 {[%clk 1:31:43]} 7. Bxf6 {[%clk 1:30:34]} Qxf6
{[%clk 1:32:06]} 8. Nd5 {[%clk 1:30:58]} Qd8 {[%clk 1:32:23]} 9. h3
{[%clk 1:28:04]} a6 {[%clk 1:24:45]} 10. c3 {[%clk 1:26:10]} Na5 {[%clk 1:06:09]}
11. b4 {[%clk 1:14:20]} Nxc4 {[%clk 1:04:16]} 12. bxc5 {[%clk 1:14:26]} Na5
{[%clk 1:03:16]} 13. O-O {[%clk 0:59:06]} O-O {[%clk 1:02:48]} 14. cxd6
{[%clk 0:54:28]} Qxd6 {[%clk 1:02:32]} 15. Rb1 {[%clk 0:52:21]} Nc6
{[%clk 1:00:15]} 16. a4 {[%clk 0:50:44]} b6 {[%clk 0:59:10]} 17. Re1
{[%clk 0:45:40]} Be6 {[%clk 0:54:53]} 18. Nb4 {[%clk 0:35:45]} Nxb4
{[%clk 0:53:39]} 19. Rxb4 {[%clk 0:33:35]} Rfd8 {[%clk 0:52:48]} 20. d4
{[%clk 0:32:22]} c5 {[%clk 0:44:07]} 21. Rb2 {[%clk 0:30:56]} cxd4
{[%clk 0:34:42]} 22. cxd4 {[%clk 0:31:16]} exd4 {[%clk 0:33:35]} 23. Rd2
{[%clk 0:31:35]} d3 {[%clk 0:31:34]} 24. Qb1 {[%clk 0:21:42]} Bc4
{[%clk 0:25:42]} 25. Rc1 {[%clk 0:19:53]} b5 {[%clk 0:24:35]} 26. Ne1
{[%clk 0:17:25]} Qa3 {[%clk 0:08:09]} 27. axb5 {[%clk 0:15:28]} axb5
{[%clk 0:08:27]} 28. Nf3 {[%clk 0:11:09]} Qe7 {[%clk 0:07:53]} 29. Re1
{[%clk 0:09:57]} Ra3 {[%clk 0:06:37]} 30. Rb2 {[%clk 0:09:58]} Qa7
{[%clk 0:04:17]} 31. Ne5 {[%clk 0:05:36]} Qc5 {[%clk 0:04:30]} 32. Nf3
{[%clk 0:04:46]} Rda8 {[%clk 0:04:35]} 33. Nd2 {[%clk 0:03:14]} Qa7
{[%clk 0:04:11]} 34. Qc1 {[%clk 0:01:03]} Qd4 {[%clk 0:02:55]} 35. Nb1
{[%clk 0:00:54]} Ra1 {[%clk 0:02:39]} 36. Qd2 {[%clk 0:00:37]} R8a2
{[%clk 0:01:23]} 37. Rxa2 {[%clk 0:00:57]} Rxa2 {[%clk 0:01:48]} 38. Qf4
{[%clk 0:01:15]} Re2 {[%clk 0:01:00]} 39. Rc1 {[%clk 0:00:37]} d2
{[%clk 0:00:51]} 40. Nxd2 {[%clk 0:30:59]} Qxd2 {[%clk 0:30:38]} 41. Qb8+
{[%clk 0:30:32]} Kh7 {[%clk 0:30:57]} 0-1

[Event "WCO 2016"]
[Site "?"]
[Date "2016.09.11"]
[Round "9"]
[Board "20"]
[WhiteID "32009232"]
[White "Cramling Bellon Anna"]
[BlackID "4001516"]
[Black "Blond Hanten Elsa"]
[Result "1/2-1/2"]
[BlackElo "1745"]
[WhiteElo "1913"]
[LiveChessVersion "1.4.8"]

1. d4 {[%clk 1:30:58]} Nf6 {[%clk 1:30:53]} 2. c4 {[%clk 1:31:21]} e6
{[%clk 1:31:17]} 3. Nc3 {[%clk 1:29:29]} d5 {[%clk 1:31:38]} 4. Nf3
{[%clk 1:29:09]} Be7 {[%clk 1:31:31]} 5. Bg5 {[%clk 1:26:27]} O-O
{[%clk 1:28:21]} 6. e3 {[%clk 1:26:42]} Nbd7 {[%clk 1:27:16]} 7. Qc2
{[%clk 1:25:40]} Re8 {[%clk 1:23:28]} 8. O-O-O {[%clk 1:15:01]} dxc4
{[%clk 0:59:07]} 9. Bxc4 {[%clk 1:15:15]} c5 {[%clk 0:57:38]} 10. dxc5
{[%clk 0:54:04]} Qa5 {[%clk 0:50:43]} 11. Bb5 {[%clk 0:49:51]} Rd8
{[%clk 0:41:49]} 12. Kb1 {[%clk 0:27:50]} a6 {[%clk 0:36:11]} 13. Be2
{[%clk 0:25:01]} Qxc5 {[%clk 0:32:25]} 14. Rd2 {[%clk 0:19:10]} b5
{[%clk 0:30:30]} 15. Rc1 {[%clk 0:12:29]} Bb7 {[%clk 0:27:00]} 16. Bf4
{[%clk 0:10:49]} Rac8 {[%clk 0:24:51]} 17. Qd1 {[%clk 0:08:27]} Qb6
{[%clk 0:17:42]} 18. Ne1 {[%clk 0:08:06]} Nc5 {[%clk 0:16:19]} 19. Bf3
{[%clk 0:04:47]} Nce4 {[%clk 0:12:57]} 20. Nxe4 {[%clk 0:04:19]} Nxe4
{[%clk 0:12:35]} 21. Bxe4 {[%clk 0:03:25]} Bxe4+ {[%clk 0:11:58]} 22. Ka1
{[%clk 0:03:18]} Rxc1+ {[%clk 0:10:25]} 23. Qxc1 {[%clk 0:03:47]} Bb4
{[%clk 0:08:05]} 24. Rxd8+ {[%clk 0:02:48]} Qxd8 {[%clk 0:08:31]} 25. f3
{[%clk 0:03:12]} Bg6 {[%clk 0:08:04]} 26. e4 {[%clk 0:03:10]} f6 {[%clk 0:07:29]}
27. Nc2 {[%clk 0:01:54]} Bd6 {[%clk 0:06:43]} 28. Qd2 {[%clk 0:01:33]} e5
{[%clk 0:06:46]} 29. Be3 {[%clk 0:01:49]} Qc7 {[%clk 0:06:36]} 30. b3
{[%clk 0:00:58]} Be8 {[%clk 0:05:37]} 31. Kb2 {[%clk 0:01:07]} Kf7
{[%clk 0:04:53]} 32. Nb4 {[%clk 0:01:12]} Bxb4 {[%clk 0:04:25]} 33. Qxb4
{[%clk 0:01:40]} a5 {[%clk 0:03:58]} 34. Qd2 {[%clk 0:01:51]} Bc6
{[%clk 0:03:54]} 35. a3 {[%clk 0:01:08]} Ke6 {[%clk 0:03:50]} 36. Qf2
{[%clk 0:00:57]} Qb7 {[%clk 0:01:54]} 37. Bc5 {[%clk 0:01:07]} Be8
{[%clk 0:01:31]} 38. Qd2 {[%clk 0:01:19]} Qc6 {[%clk 0:00:56]} 39. b4
{[%clk 0:00:36]} a4 {[%clk 0:00:49]} 40. Qd8 {[%clk 0:30:52]} Qd7
{[%clk 0:30:40]} 41. Qxd7+ {[%clk 0:28:55]} Bxd7 {[%clk 0:30:24]} 42. Kc3
{[%clk 0:26:48]} Kf7 {[%clk 0:29:02]} 43. Kd3 {[%clk 0:25:56]} Be6
{[%clk 0:27:11]} 44. Ke3 {[%clk 0:25:33]} Bc4 {[%clk 0:24:33]} 45. f4
{[%clk 0:20:52]} exf4+ {[%clk 0:22:25]} 46. Kxf4 {[%clk 0:21:20]} Ke6
{[%clk 0:22:08]} 47. Bd4 {[%clk 0:19:12]} g6 {[%clk 0:19:58]} 48. g4
{[%clk 0:06:48]} Bd3 {[%clk 0:18:13]} 49. Ke3 {[%clk 0:03:40]} Bc4
{[%clk 0:17:42]} 50. Bc5 {[%clk 0:03:02]} Ke5 {[%clk 0:17:09]} 51. Bd4+
{[%clk 0:02:10]} Ke6 {[%clk 0:17:26]} 52. Bc5 {[%clk 0:02:16]} Ke5
{[%clk 0:17:20]} 53. Bd4+ {[%clk 0:02:08]} 1/2-1/2

[Event "WCO 2016"]
[Site "?"]
[Date "2016.09.11"]
[Round "9"]
[Board "17"]
[WhiteID "933988"]
[White "Milovic Aleksandra"]
[BlackID "305650"]
[Black "Ptacnikova Lenka"]
[Result "0-1"]
[BlackElo "2159"]
[WhiteElo "2252"]
[LiveChessVersion "1.4.8"]

1. e3 {[%clk 1:30:56]} e5 {[%clk 1:27:29]} 2. c4 {[%clk 1:31:06]} Nf6
{[%clk 1:23:33]} 3. Qc2 {[%clk 1:26:06]} g6 {[%clk 1:21:20]} 4. a3
{[%clk 1:21:11]} Bg7 {[%clk 1:21:13]} 5. b4 {[%clk 1:18:53]} O-O {[%clk 1:20:41]}
6. Bb2 {[%clk 1:18:52]} Re8 {[%clk 1:20:28]} 7. d3 {[%clk 1:13:21]} d6
{[%clk 0:58:09]} 8. g3 {[%clk 1:01:51]} a5 {[%clk 0:54:53]} 9. b5
{[%clk 0:57:37]} Nbd7 {[%clk 0:51:57]} 10. Bg2 {[%clk 0:48:23]} Nc5
{[%clk 0:48:36]} 11. Nd2 {[%clk 0:47:01]} Bf5 {[%clk 0:44:04]} 12. e4
{[%clk 0:47:07]} Bd7 {[%clk 0:40:21]} 13. Ne2 {[%clk 0:45:35]} Qc8
{[%clk 0:38:17]} 14. O-O {[%clk 0:39:16]} c6 {[%clk 0:28:16]} 15. bxc6
{[%clk 0:33:30]} bxc6 {[%clk 0:28:28]} 16. f4 {[%clk 0:31:29]} Ng4
{[%clk 0:26:33]} 17. Rf3 {[%clk 0:30:52]} f5 {[%clk 0:16:24]} 18. h3
{[%clk 0:30:18]} Nf6 {[%clk 0:16:27]} 19. Kh2 {[%clk 0:27:44]} fxe4
{[%clk 0:15:56]} 20. dxe4 {[%clk 0:26:24]} Nfxe4 {[%clk 0:12:09]} 21. Nxe4
{[%clk 0:23:04]} Nxe4 {[%clk 0:11:53]} 22. fxe5 {[%clk 0:15:05]} Ng5
{[%clk 0:11:05]} 23. exd6 {[%clk 0:07:54]} Nxf3+ {[%clk 0:08:29]} 24. Bxf3
{[%clk 0:08:17]} Re3 {[%clk 0:06:05]} 25. Bg2 {[%clk 0:06:14]} Bxb2
{[%clk 0:06:08]} 26. Qxb2 {[%clk 0:06:43]} Rb8 {[%clk 0:06:07]} 27. Qd2
{[%clk 0:06:41]} Qe8 {[%clk 0:05:52]} 28. Ng1 {[%clk 0:05:21]} Qe5
{[%clk 0:05:51]} 29. Rf1 {[%clk 0:04:15]} Rb2 {[%clk 0:05:29]} 0-1

[Event "WCO 2016"]
[Site "?"]
[Date "2016.09.11"]
[Round "9"]
[Board "18"]
[WhiteID "2302454"]
[White "Thorsteinsdottir Hallgerdur"]
[BlackID "16500270"]
[Black "Blagojevic Tijana"]
[Result "1/2-1/2"]
[BlackElo "2223"]
[WhiteElo "2015"]
[LiveChessVersion "1.4.8"]

1. d4 {[%clk 1:30:54]} d5 {[%clk 1:30:48]} 2. c4 {[%clk 1:31:15]} c6
{[%clk 1:31:14]} 3. Nf3 {[%clk 1:31:33]} Nf6 {[%clk 1:31:36]} 4. e3
{[%clk 1:31:47]} Bg4 {[%clk 1:29:41]} 5. Qb3 {[%clk 1:31:55]} Qb6
{[%clk 1:29:18]} 6. Ne5 {[%clk 1:31:34]} Bf5 {[%clk 1:28:32]} 7. cxd5
{[%clk 1:31:09]} Nxd5 {[%clk 1:25:22]} 8. Qxb6 {[%clk 1:17:48]} axb6
{[%clk 1:25:46]} 9. Bd3 {[%clk 1:15:16]} Bxd3 {[%clk 1:25:11]} 10. Nxd3
{[%clk 1:15:36]} e6 {[%clk 1:24:36]} 11. e4 {[%clk 1:08:41]} Nb4 {[%clk 1:14:56]}
12. Nxb4 {[%clk 1:08:37]} Bxb4+ {[%clk 1:15:23]} 13. Bd2 {[%clk 1:06:42]} Bxd2+
{[%clk 1:13:32]} 14. Kxd2 {[%clk 1:06:12]} Ra4 {[%clk 1:05:21]} 15. Ke3
{[%clk 1:05:43]} Nd7 {[%clk 0:56:28]} 16. b3 {[%clk 0:58:19]} Ra6
{[%clk 0:53:51]} 17. Nc3 {[%clk 0:57:55]} Ke7 {[%clk 0:52:59]} 18. Rhd1
{[%clk 0:56:35]} b5 {[%clk 0:52:32]} 19. a4 {[%clk 0:46:06]} Rha8
{[%clk 0:51:30]} 20. Rac1 {[%clk 0:45:35]} bxa4 {[%clk 0:51:12]} 21. Nxa4
{[%clk 0:44:41]} Ra5 {[%clk 0:48:38]} 22. d5 {[%clk 0:34:47]} exd5
{[%clk 0:45:51]} 23. exd5 {[%clk 0:33:56]} Rxd5 {[%clk 0:29:22]} 24. Rxd5
{[%clk 0:34:09]} cxd5 {[%clk 0:29:51]} 25. Rc7 {[%clk 0:33:51]} Re8
{[%clk 0:30:19]} 26. Rxb7 {[%clk 0:32:03]} Kd6+ {[%clk 0:30:44]} 27. Kd2
{[%clk 0:30:17]} Re5 {[%clk 0:28:49]} 28. Nb2 {[%clk 0:21:02]} Rg5
{[%clk 0:24:14]} 29. g3 {[%clk 0:20:44]} Rh5 {[%clk 0:24:30]} 30. h4
{[%clk 0:20:49]} Rf5 {[%clk 0:24:29]} 31. Nd3 {[%clk 0:20:20]} Nc5
{[%clk 0:20:09]} 32. Nxc5 {[%clk 0:19:01]} Kxc5 {[%clk 0:20:38]} 33. Ke2
{[%clk 0:18:05]} Kd4 {[%clk 0:19:43]} 34. Rc7 {[%clk 0:17:33]} Rf6
{[%clk 0:19:11]} 35. b4 {[%clk 0:17:15]} Re6+ {[%clk 0:19:05]} 36. Kd2
{[%clk 0:17:06]} Rf6 {[%clk 0:19:30]} 37. Ke2 {[%clk 0:16:59]} Re6+
{[%clk 0:18:56]} 38. Kd2 {[%clk 0:17:16]} Rf6 {[%clk 0:12:28]} 39. Ke2
{[%clk 0:16:50]} Re6+ {[%clk 0:12:39]} 1/2-1/2

[Event "WCO 2016"]
[Site "?"]
[Date "2016.09.11"]
[Round "9"]
[Board "19"]
[WhiteID "931411"]
[White "Stojanovic Marija R"]
[BlackID "2302608"]
[Black "Hauksdottir Hrund"]
[Result "1-0"]
[BlackElo "1793"]
[WhiteElo "2127"]
[LiveChessVersion "1.4.8"]

1. e4 {[%clk 1:30:57]} e5 {[%clk 1:30:50]} 2. Nf3 {[%clk 1:31:22]} Nc6
{[%clk 1:31:09]} 3. Bc4 {[%clk 1:31:15]} Bc5 {[%clk 1:30:40]} 4. c3
{[%clk 1:30:47]} Nf6 {[%clk 1:29:38]} 5. d3 {[%clk 1:30:25]} d6 {[%clk 1:26:38]}
6. a4 {[%clk 1:29:51]} a5 {[%clk 1:24:24]} 7. Nbd2 {[%clk 1:27:05]} Bb6
{[%clk 1:15:33]} 8. O-O {[%clk 1:24:05]} O-O {[%clk 1:12:47]} 9. Re1
{[%clk 1:19:46]} Be6 {[%clk 1:07:14]} 10. Qb3 {[%clk 1:14:07]} Qd7
{[%clk 0:58:43]} 11. Nf1 {[%clk 1:08:40]} Ne7 {[%clk 0:48:32]} 12. Be3
{[%clk 0:57:04]} Bxe3 {[%clk 0:39:00]} 13. Nxe3 {[%clk 0:56:36]} h6
{[%clk 0:33:14]} 14. Rad1 {[%clk 0:53:39]} Ng6 {[%clk 0:27:48]} 15. d4
{[%clk 0:38:31]} exd4 {[%clk 0:15:00]} 16. Nxd4 {[%clk 0:38:20]} Bxc4
{[%clk 0:12:26]} 17. Nxc4 {[%clk 0:38:41]} Ne5 {[%clk 0:09:58]} 18. Nxe5
{[%clk 0:36:42]} dxe5 {[%clk 0:09:52]} 19. Nf5 {[%clk 0:35:24]} Qe6
{[%clk 0:09:27]} 20. Qxb7 Rab8 {[%clk 0:09:31]} 21. Qxc7 {[%clk 0:25:17]} Rxb2
{[%clk 0:08:53]} 22. Qc5 {[%clk 0:21:01]} Rfb8 {[%clk 0:06:04]} 23. h3
{[%clk 0:19:08]} Kh7 {[%clk 0:04:01]} 24. Ng3 {[%clk 0:17:08]} Rc8
{[%clk 0:02:03]} 25. Qxa5 {[%clk 0:16:53]} Qa2 {[%clk 0:02:05]} 26. Ra1
{[%clk 0:16:33]} Qb3 {[%clk 0:02:26]} 27. Qxe5 {[%clk 0:14:16]} Rxc3
{[%clk 0:01:50]} 28. Rac1 {[%clk 0:11:43]} Rcc2 {[%clk 0:01:06]} 29. Rxc2
{[%clk 0:11:17]} Qxc2 {[%clk 0:01:29]} 30. Qf5+ {[%clk 0:11:16]} Kg8
{[%clk 0:01:40]} 31. Ra1 {[%clk 0:10:08]} Rb4 {[%clk 0:01:16]} 32. e5
{[%clk 0:08:38]} Qxf5 33. Nxf5 {[%clk 0:09:02]} Ne4 {[%clk 0:01:10]} 34. a5
{[%clk 0:08:57]} Rb7 {[%clk 0:01:18]} 35. a6 {[%clk 0:07:04]} Ra7
{[%clk 0:01:42]} 36. Ne7+ {[%clk 0:07:25]} Kf8 {[%clk 0:01:39]} 37. Nc6
{[%clk 0:07:33]} Ra8 {[%clk 0:01:53]} 38. a7 {[%clk 0:07:33]} Nc3
{[%clk 0:02:03]} 39. Ra6 {[%clk 0:06:42]} Nb5 {[%clk 0:01:50]} 40. Rb6
{[%clk 0:36:57]} Nc7 {[%clk 0:32:07]} 41. Rb8+ {[%clk 0:37:21]} 1-0

[Event "WCO 2016"]
[Site "?"]
[Date "2016.09.11"]
[Round "9"]
[Board "20"]
[WhiteID "2309114"]
[White "Magnusdottir Veronika Steinunn"]
[BlackID "916773"]
[Black "Blagojevic Lidija"]
[Result "0-1"]
[BlackElo "1957"]
[WhiteElo "1777"]
[LiveChessVersion "1.4.8"]

1. e4 {[%clk 1:30:56]} d6 {[%clk 1:30:51]} 2. d4 {[%clk 1:31:18]} Nf6
{[%clk 1:31:09]} 3. Nc3 {[%clk 1:31:41]} e5 {[%clk 1:31:33]} 4. Nf3
{[%clk 1:31:30]} Nbd7 {[%clk 1:31:54]} 5. Bc4 {[%clk 1:31:27]} Be7
{[%clk 1:32:15]} 6. a4 {[%clk 1:31:39]} a5 {[%clk 1:32:40]} 7. O-O
{[%clk 1:30:13]} O-O {[%clk 1:32:57]} 8. h3 {[%clk 1:30:12]} c6 {[%clk 1:32:29]}
9. Qe2 {[%clk 1:29:17]} exd4 {[%clk 1:27:41]} 10. Nxd4 {[%clk 1:28:15]} Nc5
{[%clk 1:24:21]} 11. Rd1 {[%clk 1:16:37]} Qc7 {[%clk 1:23:26]} 12. Bg5
{[%clk 1:06:56]} Re8 {[%clk 1:06:05]} 13. Ba2 {[%clk 0:54:48]} Bd8
{[%clk 0:44:48]} 14. Qf3 {[%clk 0:47:07]} Ne6 {[%clk 0:40:24]} 15. Bxf6
{[%clk 0:38:53]} Bxf6 {[%clk 0:40:41]} 16. Nf5 {[%clk 0:38:46]} Be5
{[%clk 0:37:18]} 17. Rd2 {[%clk 0:30:34]} g6 {[%clk 0:37:32]} 18. Nh6+
{[%clk 0:27:00]} Kg7 {[%clk 0:37:42]} 19. Ng4 {[%clk 0:25:50]} Qb6
{[%clk 0:34:28]} 20. Bb3 {[%clk 0:19:40]} Ng5 {[%clk 0:33:22]} 21. Qd3
{[%clk 0:14:11]} Bf4 {[%clk 0:30:12]} 22. Re2 {[%clk 0:10:03]} h5
{[%clk 0:29:56]} 23. Ne3 {[%clk 0:09:56]} Ne6 {[%clk 0:27:13]} 24. Nc4
{[%clk 0:05:18]} Qc5 {[%clk 0:24:15]} 25. Rd1 {[%clk 0:04:14]} Be5
{[%clk 0:23:28]} 26. Kf1 {[%clk 0:00:56]} Nf4 {[%clk 0:23:56]} 27. Qe3
{[%clk 0:00:43]} Nxe2 {[%clk 0:24:12]} 28. Qxe2 {[%clk 0:00:37]} Bxc3
{[%clk 0:23:49]} 29. bxc3 {[%clk 0:00:58]} d5 {[%clk 0:24:00]} 30. Nd2
{[%clk 0:00:40]} Qxc3 {[%clk 0:24:12]} 31. Kg1 {[%clk 0:00:33]} f5
{[%clk 0:19:57]} 32. Nf3 {[%clk 0:00:34]} Rxe4 {[%clk 0:19:47]} 33. Qf1
{[%clk 0:00:37]} Bd7 {[%clk 0:18:46]} 34. Rd3 {[%clk 0:00:49]} Qb4
{[%clk 0:18:42]} 35. c4 {[%clk 0:01:06]} Rae8 {[%clk 0:18:31]} 36. Qa1+
{[%clk 0:01:01]} d4 {[%clk 0:17:42]} 37. Rxd4 {[%clk 0:00:35]} Re1+
{[%clk 0:17:59]} 38. Nxe1 {[%clk 0:00:34]} Rxe1+ {[%clk 0:18:28]} 39. Qxe1
{[%clk 0:00:46]} Qxe1+ {[%clk 0:18:56]} 40. Kh2 {[%clk 0:30:59]} Qe5+
{[%clk 0:49:24]} 0-1

[Event "WCO 2016"]
[Site "?"]
[Date "2016.09.11"]
[Round "9"]
[Board "21"]
[WhiteID "6002293"]
[White "Lu Rachel"]
[BlackID "10202587"]
[Black "Shamima Akter Liza"]
[Result "0-1"]
[BlackElo "2129"]
[WhiteElo "1671"]
[LiveChessVersion "1.4.8"]

1. e4 {[%clk 1:30:57]} c5 {[%clk 1:30:52]} 2. Nf3 {[%clk 1:31:23]} e6
{[%clk 1:31:11]} 3. d4 {[%clk 1:31:44]} cxd4 {[%clk 1:31:34]} 4. Nxd4
{[%clk 1:32:11]} Nc6 {[%clk 1:30:31]} 5. Nc3 {[%clk 1:31:45]} Qc7
{[%clk 1:30:43]} 6. Be3 {[%clk 1:31:54]} a6 {[%clk 1:31:04]} 7. Bd3
{[%clk 1:30:00]} Nf6 {[%clk 1:30:39]} 8. O-O {[%clk 1:29:48]} h5 {[%clk 1:29:32]}
9. h3 {[%clk 1:27:36]} b5 {[%clk 1:23:20]} 10. Nxc6 {[%clk 1:24:55]} dxc6
{[%clk 1:23:28]} 11. f4 {[%clk 1:22:19]} Bb7 {[%clk 1:20:51]} 12. e5
{[%clk 1:18:10]} Nd5 {[%clk 0:56:46]} 13. Nxd5 {[%clk 1:10:37]} cxd5
{[%clk 0:53:36]} 14. c3 {[%clk 1:05:25]} Bc5 {[%clk 0:46:24]} 15. Bd4
{[%clk 1:05:37]} Rc8 {[%clk 0:40:02]} 16. Kh1 {[%clk 0:57:34]} g6
{[%clk 0:33:33]} 17. Qe2 {[%clk 0:51:43]} Qb6 {[%clk 0:19:05]} 18. Qf2
{[%clk 0:43:22]} Bxd4 {[%clk 0:15:28]} 19. Qxd4 {[%clk 0:42:35]} Qxd4
{[%clk 0:10:28]} 20. cxd4 {[%clk 0:42:54]} Kd7 {[%clk 0:10:04]} 21. Rfc1
{[%clk 0:39:26]} Rc7 {[%clk 0:04:50]} 22. Rxc7+ {[%clk 0:39:12]} Kxc7
{[%clk 0:05:17]} 23. Rc1+ {[%clk 0:39:30]} Kb6 {[%clk 0:05:29]} 24. Kg1
{[%clk 0:38:57]} a5 {[%clk 0:05:26]} 25. Kf2 {[%clk 0:37:09]} b4 {[%clk 0:03:01]}
26. Rc5 {[%clk 0:36:36]} Bc6 {[%clk 0:02:51]} 27. Kg3 {[%clk 0:31:42]} Ra8
{[%clk 0:01:32]} 28. Kf2 {[%clk 0:30:50]} a4 {[%clk 0:01:14]} 29. Ke2
{[%clk 0:28:56]} Bd7 {[%clk 0:00:47]} 30. Kd2 {[%clk 0:28:04]} h4
{[%clk 0:00:58]} 31. Ke3 {[%clk 0:24:05]} Rg8 {[%clk 0:01:15]} 32. Rc2
{[%clk 0:20:24]} g5 {[%clk 0:01:24]} 33. fxg5 {[%clk 0:19:59]} Rxg5
{[%clk 0:01:53]} 34. Rf2 {[%clk 0:19:16]} Rg3+ {[%clk 0:01:43]} 35. Kd2
{[%clk 0:18:38]} Be8 {[%clk 0:01:56]} 36. Kc2 {[%clk 0:13:18]} b3+
{[%clk 0:00:57]} 37. axb3 {[%clk 0:13:19]} axb3+ {[%clk 0:01:19]} 38. Kd2
{[%clk 0:12:52]} Bb5 {[%clk 0:01:11]} 39. Be2 {[%clk 0:02:56]} Bxe2
{[%clk 0:01:01]} 40. Kxe2 {[%clk 0:32:55]} Kb5 {[%clk 0:31:24]} 41. Rxf7
{[%clk 0:32:55]} Rxg2+ {[%clk 0:31:14]} 42. Rf2 {[%clk 0:32:51]} Rg1
{[%clk 0:28:15]} 43. Rf3 {[%clk 0:22:43]} Kc4 {[%clk 0:18:04]} 44. Rc3+
{[%clk 0:21:01]} Kxd4 {[%clk 0:15:53]} 45. Rxb3 {[%clk 0:21:24]} Kxe5
{[%clk 0:16:14]} 46. Re3+ {[%clk 0:20:19]} Kd6 {[%clk 0:16:09]} 47. Kf2
{[%clk 0:19:38]} Rb1 {[%clk 0:15:35]} 48. b3 {[%clk 0:19:15]} e5 {[%clk 0:15:39]}
49. Kf3 {[%clk 0:18:05]} d4 {[%clk 0:12:02]} 50. Rd3 {[%clk 0:18:27]} Kd5
{[%clk 0:11:23]} 51. Kg4 {[%clk 0:18:12]} e4 {[%clk 0:11:40]} 0-1